The Big Board: Greek Mythology Quiz Stats

 Plays Quiz Updated May 29, 2018

Support Sporcle.
Go Orange.
Score 0/36 Timer 07:00
0 Plays Today
Hint Answer % Correct
Identify each film that was inspired by elements of Greek mythology.
100%
Answer these trivia questions about the epic poem of The Odyssey.
99.7%
Give the name of the Roman counterpart to each of these Greek gods/goddesses.
99.7%
Identify these companies whose names are derived from Greek myth.
99.7%
Answer these questions about some of the most famous Greek heroic tales.
99.7%
Name the mythological Greek beasts shown & described below.
99.7%
Nike
94.1%
Amazon
93.7%
Hercules
92.8%
The Olympics
91.6%
Phoenix
90.2%
Pegasus
87.1%
Wonder Woman
86.8%
Achilles
86%
Homer
81.3%
Medusa
79.7%
Neptune
78.6%
Jason
78.3%
Hint Answer % Correct
Jupiter
77.3%
The Minotaur
76.5%
Venus
75.6%
Cerberus
72.7%
Discus, Javelin, Long Jump, Foot Race, Wrestling
71%
The Trojan War
70.2%
Troy
70%
Hydra
69.9%
Mercury
69.6%
Tennessee Titans
64.5%
Cyclopes
63.3%
Percy Jackson & the Olympians: The Lightning Thief
62.1%
Diana
51.9%
Chimera
49.5%
O Brother, Where Art Thou?
46%
Pandora
44.4%
Boar & Bull
42.9%
Clash of the Titans
39%

From the Vault

Last Letter US States Blitz

by Flick

Geography 15s
All's well that ends well.
Remove Ads.
Support Sporcle.
Get the best of Sporcle when you Go Orange. This ad-free experience offers more features, more stats, and more fun while also helping to support Sporcle. Thank you for becoming a member.

Show Comments

Extras

Top Quizzes Today


Score Distribution

Your Account Isn't Verified!

In order to create a playlist on Sporcle, you need to verify the email address you used during registration. Go to your Sporcle Settings to finish the process.

Report this User

Report this user for behavior that violates our Community Guidelines.

Details: